| 000 | 00362 a2200145 4500 | ||
|---|---|---|---|
| 001 | 170607 | ||
| 020 | _a | ||
| 040 | _cMagnum | ||
| 100 | _aSerie Estado do Conhecimento NÂș 3 | ||
| 240 | 1 | 0 |
_aAvaliacao na educacao basica (1990-1998) - v.4 _lpor |
| 245 | 1 | 0 | _aAvaliacao na educacao basica (1990-1998) - v.4 |
| 362 | 0 | _a1899 | |
| 697 | _aENSINO | ||
| 942 | _cBK | ||
| 999 |
_c170607 _d170607 |
||